00913cam a22003134a 450000100090000000300040000900500170001300800410003001000170007102000180008802000150010602500270012103500240014803500210017203700640019304000260025704200210028305000250030408200240032910000180035324500440037126000460041530000130046150400410047452000260051565000170054165000220055870000190058016007568OSt20200612101901.0091022s2010 ii ab b 000 0 eng d a 2009305484 a9788183873031 a8183873030 aI-E-2009-305484; 58-08 a(OCoLC)ocn460868274 a(OCoLC)460868274 aLibrary of Congress -- New Delhi Overseas OfficecRs1000.00 aDKAGEbengcoclcdDLC alccopycatalcode00aGN799.P4bR6534 201004a759.0113222bSEG/R aSeglie, Dario00aRock art in the world /c Dario Seglie. aNew Delhi :bSerials Publications,c2010. a245 p. : aIncludes bibliographical references. aContributed articles. 0aPetroglyphs. 0aArt, Prehistoric.1 aSeglie, Dario.